All Current World Leaders Quiz - Statistics

General Stats
  • This quiz has been taken 64 times
    13 since last reset
  • The average score is 63 of 197
Answer Stats
Country World Leader % Correct
Israel Benjamin Netanyahu
92%
United States Donald Trump
92%
France Emmanuel Macron
83%
North Korea Kim Jong-un
83%
Brazil Luiz Inácio Lula da Silva
83%
Russia Vladimir Putin
83%
China Xi Jinping
83%
Mexico Claudia Sheinbaum
75%
Italy Giorgia Meloni
75%
United Kingdom Kier Starmer
75%
India Narendra Modi
75%
Turkey Recep Tayyip Erdoğan
75%
Ukraine Volodymyr Zelenskyy
75%
Venezuela Delcy Rodríguez
67%
Poland Donald Tusk
67%
Germany Friedrich Merz
67%
Vatican City Leo XIV
67%
Morocco Mohammed VI
67%
Spain Pedro Sánchez
67%
Hungary Viktor Orbán
67%
Belarus Alexander Grigoryevich Lukashenko
58%
Iran Ali Khamenei
58%
Australia Anthony Albanese
58%
Philippines Bongbong Marcos
58%
Canada Mark Carney
58%
Denmark Mette Frederiksen
58%
Iraq Mohammed Shia' al-Sudani
58%
Sweden Ulf Kristersson
58%
Egypt Abdel Fattah El-Sisi
50%
Jordan Abdullah II
50%
Ethiopia Abiy Ahmed
50%
Syria Ahmed al-Sharaa
50%
Nigeria Bola Ahmed Tinubu
50%
South Africa Cyril Ramaphosa
50%
Nicaragua Daniel Ortega | Rosario Murillo
50%
Albania Edi Rama
50%
Burkina Faso Ibrahim Traoré
50%
Argentina Javier Milei
50%
Taiwan Lai Ching-te
50%
Singapore Lawrence Wong
50%
South Korea Lee Jae Myung
50%
Portugal Luís Montenegro
50%
Ireland Micheál Martin
50%
Cuba Miguel Díaz-Canel
50%
Guyana Mohamed Irfaan Ali
50%
Finland Petteri Orpo
50%
Indonesia Prabowo Subianto
50%
Japan Sanae Takaichi
50%
Pakistan Shehbaz Sharif
50%
Vietnam Tô Lâm
50%
Uganda Yoweri Kaguta Museveni
50%
Monaco Albert II
42%
Czech Republic Andrej Babiš
42%
Croatia Andrej Plenković
42%
Jamaica Andrew Holness
42%
Malaysia Anwar Ibrahim
42%
Belgium Bart De Wever
42%
Austria Christian Stocker
42%
Mozambique Daniel Chapo
42%
Ecuador Daniel Noboa
42%
Zimbabwe Emmerson Mnangagwa
42%
Chile Gabriel Boric
42%
Colombia Gustavo Petro
42%
Cambodia Hun Manet
42%
Azerbaijan Ilham Heydar oghlu Aliyev
42%
Angola João Lourenço
42%
Chad Mahamat Déby
42%
Palestine Mahmoud Abbas
42%
Barbados Mia Mottley
42%
Myanmar Min Aung Hlaing
42%
El Salvador Nayib Bukele
42%
Cameroon Paul Biya
42%
Rwanda Paul Kagame
42%
Slovakia Robert Fico
42%
Netherlands Rob Jetten
42%
Costa Rica Rodrigo Chaves Robles
42%
Bolivia Rodrigo Paz
42%
Saudi Arabia Salman
42%
Cape Verde Ulisses Correia e Silva
42%
Kenya William Ruto
42%
New Zealand Christopher Luxon
33%
Antigua and Barbuda Gaston Alfonso Browne
33%
Switzerland Guy Parmelin | Ignazio Cassis | Karin Keller-Sutter | Albert Röst | iÉlisabeth Baume-Schneider | Beat Jans | Martin Pfister
33%
Norway Jonas Gahr Støre
33%
Peru José María Balcázar
33%
Kazakhstan Kassym-Jomart Tokayev
33%
Eswatini Mswati III
33%
Honduras Nasry Asfura
33%
Lebanon Nawaf Salam
33%
Benin Patrice Guillaume Athanase Talon
33%
Kyrgyzstan Sadyr Japarov
33%
Tanzania Samia Suluhu Hassan
33%
Paraguay Santiago Peña
33%
Nepal Sushila Karki
33%
Bangladesh Tarique Rahman
33%
Algeria Abdelmadjid Tebboune
25%
Gabon Brice Oligui Nguema
25%
Republic of the Congo Denis Sassou Nguesso
25%
Botswana Duma Boko
25%
Democratic Republic of the Congo Félix Tshisekedi
25%
Bahrain Hamad bin Isa Al Khalifa
25%
Liechtenstein Hans-Adam II
25%
Brunei Hassanal Bolkiah
25%
Afghanistan Hibatullah Akhundzada
25%
Romania Ilie Bolojan
25%
Eritrea Isaias Afwerki
25%
Djibouti Ismaïl Omar Guelleh
25%
Panama José Raúl Mulino
25%
Iceland Kristrún Frostadóttir
25%
Greece Kyriakos Mitsotakis
25%
United Arab Emirates Mohamed bin Zayed Al Nahyan
25%
Armenia Nikol Pashinyan
25%
Bahamas Philip Edward Davis
25%
Slovenia Robert Golob
25%
South Sudan Salva Kiir Mayardit
25%
Turkmenistan Serdar Berdimuhamedow
25%
Uzbekistan Shavkat Mirziyoyev
25%
Equatorial Guinea Teodoro Obiang Nguema Mbasogo
25%
Andorra Xavier Espot
25%
Uruguay Yamandú Orsi
25%
Gambia Adama Barrow
17%
Ivory Coast Alassane Ouattara
17%
Bulgaria Andrey Gyurov
17%
Guatemala Bernardo Arévalo
17%
Grenada Dickon Amiss Thomas Mitchell
17%
Tajikistan Emomali Rahmon
17%
Central African Republic Faustin-Archange Touadéra
17%
Tuvalu Feleti Teo
17%
Guinea-Bissau Horta Na Man
17%
Georgia Irakli Kobakhidze
17%
Ghana John Mahama
17%
Belize Johnny Briceño
17%
Tunisia Kais Saied
17%
Estonia Kristen Michal
17%
Samoa Laʻauli Leuatea Schmidt
17%
Dominican Republic Luis Abinader
17%
Saint Lucia Philip J. Pierre
17%
Dominica Roosevelt Skerrit
17%
Fiji Sitiveni Rabuka
17%
Laos Thongloun Sisoulith
17%
Bhutan Tshering Tobgay
17%
Sudan Abdel Fattah al-Burhan | Malik Agar | Shams al-Din Khabbashi | Yasser al-Atta | Ibrahim Jabir Karim | Salma Abdul Jabbar al-Mubarak | Abdullah Yahya Ahmed Hussein | Nawara Abu Muhammad Muhammad Taher
8%
Niger Abdourahamane Tchiani
8%
Libya Abdul Hamid Dbeibeh
8%
Kosovo Albin Kurti
8%
Moldova Alexandru Munteanu
8%
Haiti Alix Didier Fils-Aimé
8%
São Tomé and Príncipe Américo Ramos
8%
Sri Lanka Anura Kumara Dissanayake
8%
Thailand Anutin Charnvirakul
8%
Mali Assimi Goïta
8%
Comoros Azali Assoumani
8%
Senegal Bassirou Diomaye Faye
8%
Nauru David Adeang
8%
Serbia Đuro Macut
8%
Burundi Évariste Ndayishimiye
8%
Latvia Evika Siliņa
8%
Tonga Fatafehi Fakafānua
8%
Togo Faure Gnassingbé
8%
Saint Vincent and Grenadines Godwin Friday
8%
Mongolia Gombojavyn Zandanshatar
8%
Zambia Hakainde Hichilema
8%
Somalia Hamza Abdi Barre
8%
Marshall Islands Hilda Heine
8%
North Macedonia Hristijan Mickoski
8%
Lithuania Inga Ruginienė
8%
Papua New Guinea James Marape
8%
Suriname Jennifer Geerlings-Simons
8%
Solomon Islands Jeremiah Manele
8%
Liberia Joseph Boakai
8%
Vanuatu Jotham Napat
8%
Sierra Leone Julius Maada Bio
8%
Trinidad and Tobago Kamla Persad-Bissessar
8%
San Marino Luca Beccari
8%
Luxembourg Luc Frieden
8%
Guinea Mamady Doumbouya
8%
Madagascar Michael Randrianirina
8%
Montenegro Milojko Spajić
8%
Kuwait Mishal Al-Ahmad Al-Jaber Al-Sabah
8%
Maldives Mohamed Muizzu
8%
Mauritania Mohamed Ould Ghazouani
8%
Mauritius Navin Ramgoolam
8%
Namibia Netumbo Nandi-Ndaitwah
8%
Cyprus Nikos Christodoulides
8%
Seychelles Patrick Herminie
8%
Malawi Peter Mutharika
8%
Yemen Rashad al-Alimi
8%
Malta Robert Abela
8%
Lesotho Sam Matekane
8%
Palau Surangel Whipps Jr.
8%
Qatar Tamim bin Hamad Al Thani
8%
Kiribati Taneti Maamau
8%
Saint Kitts and Nevis Terrance Michael Drew
8%
Micronesia Wesley Simina
8%
East Timor Xanana Gusmão
8%
Bosnia and Herzegovina Željko Komšić | Denis Bećirović | Željka Cvijanović
8%
Oman Haitham bin Tarik
0%
No matching quizzes found
Score Distribution
Percent of People with Each Score
Percentile by Number Answered
Your Score History
You have not taken this quiz since the last reset